Semi-detached (Record no. 107215)
[ view plain ]
| 000 -LEADER | |
|---|---|
| fixed length control field | 01314cab a22002175a 4500 |
| 001 - CONTROL NUMBER | |
| control field | L138649 |
| 008 - FIXED-LENGTH DATA ELEMENTS--GENERAL INFORMATION | |
| fixed length control field | 070628s2007 xxk f 000 0 eng d |
| 020 ## - INTERNATIONAL STANDARD BOOK NUMBER | |
| International Standard Book Number | 9781847810380 |
| 035 ## - SYSTEM CONTROL NUMBER | |
| System control number | (Sirsi) u138649 |
| 041 0# - LANGUAGE CODE | |
| Language code of text/sound track or separate title | eng |
| 050 04 - LIBRARY OF CONGRESS CALL NUMBER | |
| Classification number | 711.1 $2 18 |
| 110 1# - MAIN ENTRY--CORPORATE NAME | |
| Corporate name or jurisdiction name as entry element | London Assembly |
| Subordinate unit | Planning and Spatial Development Committee |
| 9 (RLIN) | 5244 |
| 245 00 - TITLE STATEMENT | |
| Title | Semi-detached |
| Remainder of title | reconnecting London's suburbs |
| Medium | [electronic resource] |
| 260 ## - PUBLICATION, DISTRIBUTION, ETC. | |
| Place of publication, distribution, etc. | London |
| Name of publisher, distributor, etc. | London Assembly |
| Date of publication, distribution, etc. | 2007 |
| 520 ## - SUMMARY, ETC. | |
| Summary, etc. | Warns that many of London's suburbs are in danger of becoming dormitories, lacking local jobs, amenities, community assets and open spaces. Private car use is dominating transport habits in such areas. Nearly two-thirds of Londoners live in such suburban areas. A loss of employment is forecast as more jobs are going either to the city, or to areas beyond the M25. Identifies the need for the mayor and boroughs to do more to boost town centres, support public transport and local amenities. These considerations need to be carefully. balanced against housing growth. |
| 590 ## - LOCAL NOTE (RLIN) | |
| Local note | KA |
| 651 #4 - SUBJECT ADDED ENTRY--GEOGRAPHIC NAME | |
| Geographic name | London |
| 690 ## - LOCAL SUBJECT ADDED ENTRY--TOPICAL TERM (OCLC, RLIN) | |
| Topical term or geographic name as entry element | ENVIRONMENTAL AND LAND CONSULTANCY-PLANNING AND DEVELOPMENT |
| 856 48 - ELECTRONIC LOCATION AND ACCESS | |
| Uniform Resource Identifier | <a href="https://legacy.london.gov.uk/assembly/reports/plansd/semi-detached.pdf">https://legacy.london.gov.uk/assembly/reports/plansd/semi-detached.pdf</a> |
| Public note | View the item free of charge at legacy.london.gov.uk |
| 942 ## - ADDED ENTRY ELEMENTS (KOHA) | |
| Suppress in OPAC | 0 |
| Withdrawn status | Lost status | Source of classification or shelving scheme | Damaged status | Not for loan | Home library | Current library | Shelving location | Date acquired | Total Checkouts | Full call number | Barcode | Date last seen | Copy number | Price effective from | Koha item type |
|---|---|---|---|---|---|---|---|---|---|---|---|---|---|---|---|
| Dewey Decimal Classification | Virtual | Virtual | Online | 28/06/2007 | ONLINE PUBLICATION | 138649-1001 | 06/08/2019 | 1 | 06/08/2019 | Book |